Guess the country population #3 - Statistics

General Stats
  • This quiz has been taken 17 times
  • The average score is 8 of 15
Answer Stats
Question Answer % Correct
Russia 144,435,000
85%
Bahamas 402,000
69%
Mauritania 5,242,000
69%
New Zealand 5,249,000
69%
Tonga 104,000
62%
Uruguay 3,386,000
62%
France 69,165,000
62%
Malaysia 35,771,000
54%
Finland 5,623,000
54%
Serbia 6,714,000
54%
Israel 9,452,000
46%
Benin 14,638,000
38%
Costa Rica 5,142,000
38%
Ethiopia 133,765,000
31%
Cape Verde 526,000
23%
No matching quizzes found
Score Distribution
Percent of People with Each Score
Percentile by Number Answered
Your Score History
You have not taken this quiz